Personnalités politiques de premier plan 2022 (4) - Statistiques

Statistiques générales
  • Ce quiz a été pris 113 fois
    60 depuis la dernière actualisation
  • Le résultat moyen est 13 sur 25
Statistiques - réponses
Hint Réponse % Correct
Ministre de l'Intérieur Gérald Darmanin
96%
Présidente de la région Ile de France (LR) Valérie Pécresse
94%
Cheffe du groupe La France Insoumise à l'Assemblée Nationale Mathilde Panot
88%
Président du Sénat Gérard Larcher
87%
Président du Mouvement démocrate (MoDem), Maire de Pau François Bayrou
85%
Maire de Grenoble (EELV) Éric Piolle
81%
Président du parti Les Patriotes Florian Philippot
81%
Ministre de la Justice, Garde des Sceaux Éric Dupond Moretti
79%
Président de la région Auvergne Rhone Alpes (LR) Laurent Wauquiez
77%
Soutien de Philippe Poutou en 2022, candidat NPA en 2007 Olivier Besancenot
67%
Députée de Béziers (Hérault ; affiliée RN) Emmanuelle Ménard
62%
Député du Nord, porte-parole du Rassemblement National Sébastien Chenu
58%
Maire du Mans - ancien ministre de l'agriculture (PS 2012-17) Stéphane Le Foll
54%
Maire de Troyes (LR) François Baroin
50%
Député européen, porte-parole du PCF Ian Brossat
44%
Député européen RN, ancien ministre LR (2010-12) Thierry Mariani
42%
Présidente fondatrice du Parti animaliste Hélène Thouy
40%
Président du parti Agir, ministre délégué chargé des relations avec le parlement Franck Riester
38%
Ministre de la Fonction publique Stanislas Guérini
35%
Chef du groupe PS au Sénat - ex ministre des sports Patrick Kanner
31%
Maire de Toulouse (La France Audacieuse) Jean-Luc Moudenc
15%
Maire de Saint-Denis, La Réunion (PS) - ex ministre des Outre-mer Ericka Bareigts
12%
Secrétaire d'état chargée de la Mémoire et des Anciens combattants Patricia Mirallès
12%
Vice-président de Reconquête, député européen Jerome Riviere
8%
Présidente du conseil nationale Territoire de Progrès Emmanuelle Wargon
4%
Aucun quiz correspondant
Distribution des résultats
% des personnes avec chaque résultat
Percentile par nombre de réponses
Votre historique - résultats
Vous n’avez pas pris ce quiz depuis la dernière actualisation